Statistics for 25 biggest cities in Africa

Click here to take the quiz!

General Stats

  • This quiz has been taken 43 times
  • The average score is 21 of 25

Answer Stats

CityCountry#Population% Correct
CairoEgypt121,7 mio people
100%
JohannesburgSouth Africa414,0 mio people
97%
Cape TownSouth Africa154,1 mio people
95%
CasablancaMorocco134,6 mio people
92%
LagosNigeria220,5 mio people
92%
NairobiKenya76,5 mio people
92%
Addis AbabaEthiopia115,3 mio people
89%
AlexandriaEgypt105,7 mio people
89%
AlgiersAlgeria173,9 mio people
89%
KhartoumSudan86,4 mio people
89%
KinshasaD. R. C.315,8 mio people
89%
AccraGhana164,0 mio people
86%
Dar Es SalaamTanzania66,9 mio people
86%
HarareZimbabwe243,0 mio people
86%
MogadishuSomalia203,7 mio people
86%
TunisTunisia252,9 mio people
86%
DakarSenegal183,9 mio people
84%
LuandaAngola59,2 mio people
84%
AbujaNigeria213,6 mio people
81%
KampalaUganda144,2 mio people
81%
AbidjanIvory Coast95,9 mio people
78%
DurbanSouth Africa223,6 mio people
78%
KanoNigeria125,0 mio people
70%
GizaEgypt233,4 mio people
65%
IbadanNigeria193,7 mio people
57%

Score Distribution

Percentile by Number Answered

Percent of People with Each Score

Your Score History

You have not taken this quiz